<?xml version="1.0" encoding="UTF-8"?>
<record
    xmlns:xsi="http://www.w3.org/2001/XMLSchema-instance"
    xsi:schemaLocation="http://www.loc.gov/MARC21/slim http://www.loc.gov/standards/marcxml/schema/MARC21slim.xsd"
    xmlns="http://www.loc.gov/MARC21/slim">

  <leader>     nam a22     7a 4500</leader>
  <datafield tag="952" ind1=" " ind2=" ">
    <subfield code="0">0</subfield>
    <subfield code="1">0</subfield>
    <subfield code="2">alc</subfield>
    <subfield code="4">0</subfield>
    <subfield code="7">0</subfield>
    <subfield code="a">ENAL</subfield>
    <subfield code="b">ENAL</subfield>
    <subfield code="d">2019-07-18</subfield>
    <subfield code="l">0</subfield>
    <subfield code="o">CD-4862</subfield>
    <subfield code="p">CD0004862</subfield>
    <subfield code="r">2019-07-18 00:00:00</subfield>
    <subfield code="w">2019-07-18</subfield>
    <subfield code="y">ETH</subfield>
  </datafield>
  <datafield tag="999" ind1=" " ind2=" ">
    <subfield code="c">64486</subfield>
    <subfield code="d">64486</subfield>
  </datafield>
  <controlfield tag="008">190718s2017    ua  a||fsm ||| 00|  enggdd</controlfield>
  <datafield tag="040" ind1=" " ind2=" ">
    <subfield code="a">EAL</subfield>
    <subfield code="c">EAL</subfield>
  </datafield>
  <datafield tag="041" ind1=" " ind2=" ">
    <subfield code="a">eng</subfield>
    <subfield code="b">ara</subfield>
  </datafield>
  <datafield tag="090" ind1=" " ind2=" ">
    <subfield code="a">CD-4862</subfield>
  </datafield>
  <datafield tag="100" ind1="1" ind2=" ">
    <subfield code="a">Nasr, Fatma Ali Mohamed Omar </subfield>
    <subfield code="9">26261</subfield>
  </datafield>
  <datafield tag="245" ind1="1" ind2="0">
    <subfield code="a">Using microwave oven in drying some medical and aromatic plants</subfield>
    <subfield code="h">[computer file]</subfield>
    <subfield code="c">Fatma Ali Mohamed Omar Nasr</subfield>
  </datafield>
  <datafield tag="246" ind1="1" ind2="5">
    <subfield code="a">&#x623;&#x633;&#x62A;&#x62D;&#x62F;&#x627;&#x645; &#x627;&#x644;&#x645;&#x64A;&#x643;&#x631;&#x648;&#x64A;&#x641; &#x641;&#x649; &#x62A;&#x62C;&#x641;&#x64A;&#x641; &#x628;&#x639;&#x636; &#x627;&#x644;&#x646;&#x628;&#x627;&#x62A;&#x627;&#x62A; &#x627;&#x644;&#x637;&#x628;&#x64A;&#x629; &#x648;&#x627;&#x644;&#x639;&#x637;&#x631;&#x64A;&#x629;.</subfield>
  </datafield>
  <datafield tag="260" ind1=" " ind2=" ">
    <subfield code="c">2017.</subfield>
  </datafield>
  <datafield tag="300" ind1=" " ind2=" ">
    <subfield code="a">Computer laser optical diskes;</subfield>
    <subfield code="c">4 3/4 in.</subfield>
  </datafield>
  <datafield tag="502" ind1=" " ind2=" ">
    <subfield code="a">Thesis (M.S.) -- Menoufia University, 2017.</subfield>
  </datafield>
  <datafield tag="504" ind1=" " ind2=" ">
    <subfield code="a">Includes bibliographical references (Leaves95-107)
</subfield>
  </datafield>
  <datafield tag="538" ind1=" " ind2=" ">
    <subfield code="a">Systems requirements : Adobe Reader</subfield>
  </datafield>
  <datafield tag="546" ind1=" " ind2=" ">
    <subfield code="a">Summary in Arabic</subfield>
  </datafield>
  <datafield tag="650" ind1=" " ind2="0">
    <subfield code="a">Aromatic plants</subfield>
    <subfield code="x">Drying</subfield>
    <subfield code="9">26262</subfield>
  </datafield>
  <datafield tag="650" ind1=" " ind2="0">
    <subfield code="a">Medical plants</subfield>
    <subfield code="x">Drying</subfield>
    <subfield code="9">26263</subfield>
  </datafield>
  <datafield tag="650" ind1=" " ind2="0">
    <subfield code="a">Microwave drying</subfield>
    <subfield code="9">26264</subfield>
  </datafield>
  <datafield tag="856" ind1="4" ind2="0">
    <subfield code="u">http://nile.enal.sci.eg/thesis/4862.pdf</subfield>
    <subfield code="z">Content &amp; Abstract</subfield>
  </datafield>
  <datafield tag="942" ind1=" " ind2=" ">
    <subfield code="2">alc</subfield>
    <subfield code="c">ETH</subfield>
  </datafield>
</record>
